| 000 | 02004nam0a2200385 i 4500 | ||
|---|---|---|---|
| 001 | RU\NLR\BIBL_A\010786012 | ||
| 005 | 20260406145505.0 | ||
| 010 |
_a9785881900212 _91000 |
||
| 021 |
_aRU _b2015-35430 _92095 |
||
| 035 | _a(NILC)RuMoRGB-007929523 | ||
| 035 | _a(NLR Aleph) 010786012 | ||
| 090 |
_a10091711 _c10091711 |
||
| 100 | _a20150622d2013 km y0rusy50 ca | ||
| 101 | 1 |
_arus _cpol |
|
| 102 |
_aRU _aPL |
||
| 105 | _aac z 000zy | ||
| 200 | 1 |
_aСтранность Бытия _eфилософия, эстетика, публицистика _e[перевод с польского] _fСтанислав Игнаций Виткевич _g[ред.-сост., послесл. А. Базилевского _gпредисл. Б. Мицинского] |
|
| 210 |
_aМосква _cВахазар _aПултуск _cГуманитарная академия _d2013 |
||
| 215 |
_a703, [1] с. _cил., портр. _d21 |
||
| 225 | 1 |
_aКоллекция польской литературы _v3-7 |
|
| 300 | _aПер. изд.: Dziwność Istnienia: filozofia, estetyka, publicystyka / Stanisław Ignacy Witkiewicz. Pułtusk, 2013 | ||
| 320 | _aБиблиогр. в тексте и в подстроч. примеч. | ||
| 454 | 0 |
_12001#$aDziwność Istnienia$efilozofia, estetyka, publicystyka _1210##$aPułtusk$d2013 _1700#1$aWitkiewicz$bS. I.$gStanisław Ignacy _tDziwność Istnienia _aWitkiewicz, Stanisław Ignacy |
|
| 606 |
_aФилософия _9900139 _3RU\NLR\AUTH\666996 |
||
| 606 |
_aЭстетика _91005659 _3RU\NLR\AUTH\6664348 |
||
| 686 | 1 | _aЮ0 | |
| 686 | 1 | _aЮ8 | |
| 686 | 1 | _aШ6(4П)67-47(Лх1128.1-120) | |
| 700 | 1 |
_8rus _7ca _aВиткевич _bС. И. _f1885-1939 _gСтанислав Игнацы _3RU\NLR\AUTH\7710123 _9119907 |
|
| 702 | 1 |
_4070 _8rus _7ca _aБазилевский _bА. Б. _f1957-2019 _gАндрей Борисович _3RU\NLR\AUTH\774697 _9114674 |
|
| 801 | 0 |
_aRU _bРГБ _c20150512 _gRCR |
|
| 942 | _cBOOK | ||
| 980 | _aNBR | ||